|
|
|
|
| LEADER |
00627nam a22001937a 4500 |
| 003 |
OSt |
| 020 |
|
|
|a 9788122432237
|
| 082 |
|
|
|a 613.2
|b SRI/NU
|
| 100 |
|
|
|a Srilakshmi, B
|
| 245 |
|
|
|a Nutrition science
|
| 260 |
|
|
|a New Delhi
|b New age international (P) Ltd.
|c 2012
|
| 300 |
|
|
|a xi, 490 pages;
|
| 650 |
|
|
|a Carbohydrates
|
| 650 |
|
|
|a Lipids
|
| 650 |
|
|
|a Energy balance
|
| 650 |
|
|
|a Protein energy malnutrition
|
| 942 |
|
|
|2 ddc
|c BK
|
| 999 |
|
|
|c 134315
|d 134315
|
| 952 |
|
|
|0 0
|1 0
|2 ddc
|4 0
|6 613_200000000000000_SRINU
|7 0
|9 134165
|a KAUCLV
|b KAUCLV
|c GENERAL
|d 2014-06-19
|g 295.00
|l 11
|o 613.2 SRI/NU
|p 223547
|r 2018-08-05
|s 2018-07-30
|w 2014-06-19
|y BK
|